[Event "EU-Cup 16th"]
[Site "Neum"]
[Date "2000.09.24"]
[Round "1.1"]
[White "Mrva, Martin"]
[Black "Azmaiparashvili, Zurab"]
[Result "0-1"]
[WhiteElo "2468"]
[BlackElo "2673"]
[Annotator "Finkel,A"]
[PlyCount "54"]
[EventDate "2000.09.24"]
[EventType "team-swiss"]
[EventRounds "7"]
[EventCountry "BIH"]
[SourceTitle "CBM 080"]
[Source "ChessBase"]
[SourceDate "2001.01.25"]
[SourceVersion "1"]
[SourceVersionDate "2001.01.25"]
[SourceQuality "1"]
[WhiteTeam "Presov Tatran"]
[BlackTeam "Kiseljak"]
[WhiteTeamCountry "SVK"]
[BlackTeamCountry "BIH"]

1. e4 g6 2. d4 Bg7 3. Be3 c5 $5 {Trying to deviate from theoretical lines as
quickly as possible.} 4. Nc3 Qa5 5. Qd2 cxd4 6. Bxd4 Bxd4 7. Qxd4 Nf6 8. O-O-O
(8. Nf3 Nc6 9. Qd2 d6 (9... Qb4 10. Bd3 Qxb2 $2 11. Rb1 Qa3 12. Nb5 Qxa2 13.
O-O O-O 14. Ra1 Qb2 15. Rfb1 Nxe4 16. Bxe4 Qf6 17. h3 $16 {Bayer,C-Kampmann,L/
RL-NO9596}) 10. O-O-O Bg4 11. Bc4 Rf8 12. Nd5 Qxd2+ 13. Rxd2 Nxd5 14. exd5 Bxf3
15. gxf3 Ne5 16. Bb5+ Kd8 $15 {Domlatil,J-Karlik,V/CZE-chT9798}) 8... Nc6 9.
Qe3 d6 10. Bc4 (10. f3 Be6 11. a3 a6 12. Nge2 b5 13. Nf4 b4 14. Ncd5 Bxd5 15.
Nxd5 Nxd5 16. Rxd5 Qc7 {1/2-1/2 Lang,H-Amura,C/Elista olw 1998}) 10... Bd7 11.
h3 Rc8 12. Bb3 {The arising position is more typical for sicilian defense than
for modern,the crucial difference is in absence of dark-squared bishop,which
is in white's favour.} (12. Nf3 $5 O-O $6 (12... Nb4 13. Bb3 (13. e5) 13... Be6
14. Bxe6 fxe6 15. a3 Rxc3 16. bxc3 Qxa3+ 17. Kd2 Nc6 18. Rb1 $14) 13. Bb3 b5
14. Nd5 $16) 12... Be6 13. Kb1 Ne5 14. Nge2 Nc4 15. Qd4 O-O (15... b5 16. f4 (
16. Nd5 Bxd5 17. exd5 O-O 18. Rhe1 Rc7 19. Nc3 Rfc8 20. Ne4 Nxe4 21. Rxe4 Qb6
$132) 16... O-O 17. g4 b4 18. Nd5 Bxd5 19. exd5 $36) 16. f4 b5 17. Rhf1 (17. f5
$5 gxf5 18. exf5 Bxf5 19. Rhf1 Rc5 20. g4 Bg6 21. Rxf6 exf6 22. Nd5 Rxd5 23.
Qxd5 Ne3 24. Qd2 Qxd2 25. Rxd2 Re8 $15) 17... b4 18. f5 $6 {Starting
complications which turn to be in black's favour.} (18. Nd5 Bxd5 19. exd5 Nb6
20. f5 $36) 18... bxc3 19. fxe6 Nxb2 (19... Nd2+ $6 20. Rxd2 cxd2 21. exf7+ Kg7
22. Nc3 $14) 20. Rxf6 (20. exf7+ Kg7 21. Rxf6 (21. Nf4 Rxf7 22. Bxf7 Nxd1 23.
Bb3 Qa3 24. Nd3 e5 25. Qb4 Qxb4 26. Nxb4 Ne3 $19) (21. Rde1) 21... exf6 22. Rf1
Qe5 $17) 20... exf6 21. Qxf6 {[%cal Gb3f7]} (21. e7 Rfe8 22. Qxf6 Nc4) 21...
Nc4 $8 22. e7 Rfe8 23. Nxc3 (23. Rf1 Nd2+ 24. Ka1 (24. Kc1 Nxb3+ 25. cxb3 Qe5
26. Qxf7+ Kh8 27. Qf8+ Rxf8 28. Rxf8+ Kg7 29. Rxc8 Qxe7 30. Nxc3 Qg5+ $17)
24... Nxb3+ 25. cxb3 Qe5 26. Qxf7+ Kh8 27. Qf8+ Rxf8 28. Rxf8+ Kg7 29. Rxc8
Qxe7 30. Nxc3 $17) 23... Rxe7 $1 24. Nd5 (24. Qxe7 Qxc3 25. Bxc4 Rxc4 {[%csl
Rb1][%cal Gc4b4]}) 24... Re6 25. Qd4 Qc5 26. Qd3 Kg7 27. Rf1 Rxe4 0-1

[Event "Najdorf Memorial 11th"]
[Site "Buenos Aires"]
[Date "2000.09.20"]
[Round "3"]
[White "Flores, Diego"]
[Black "Bologan, Viktor"]
[Result "0-1"]
[WhiteElo "2358"]
[BlackElo "2641"]
[Annotator "Finkel,A"]
[PlyCount "96"]
[EventDate "2000.09.18"]
[EventType "tourn"]
[EventRounds "9"]
[EventCountry "ARG"]
[EventCategory "14"]
[SourceTitle "CBM 080"]
[Source "ChessBase"]
[SourceDate "2001.01.25"]
[SourceVersion "1"]
[SourceVersionDate "2001.01.25"]
[SourceQuality "1"]

1. e4 g6 2. d4 Bg7 3. Nc3 c6 4. Bc4 d6 5. Qf3 e6 6. Nge2 Nd7 (6... b5) 7. O-O {
During the last couple of years this continuation has almost fully replaced 6..
.Ngf6.} b5 8. Bb3 a5 9. a3 Ba6 10. Bf4 Qe7 (10... Qb8 11. Rfe1 b4 12. axb4 axb4
13. Nd1 Ne7 14. Ne3 O-O 15. Nc4 Nc8 $13 {Castaneda,C-Granda Zuniga,J/PER-ch45
1997}) 11. Rfe1 (11. Rad1 e5 12. Bg5 (12. dxe5 Nxe5 $1) 12... Ngf6 13. d5 $6 c5
14. a4 b4 15. Nb5 Nb6 $5 (15... Bxb5 16. axb5 Nb6 17. Qd3 a4 18. Bc4 $13) 16.
Qd3 $1 c4 $1 17. Bxc4 Nxa4 18. Ra1 $1 (18. Rb1 Nc5 19. Bxf6 Bxf6 20. Qf3 O-O
21. Ra1 Rfc8 $1 22. c3 Qd8 $1 $17) 18... Nxb2 19. Qb3 Nxc4 20. Qxc4 Rc8 21. Qd3
Qd8 $15 {Nunn,J-Shirov,A/BL9596}) (11. e5 $5 d5 12. Qe3 h6 (12... f6 13. Rfe1
fxe5 14. dxe5 Qf7 15. Nxd5 cxd5 16. Bxd5 exd5 17. e6 Qe7 18. exd7+ Kf7 $17 {
Chandler,M-Hodgson,J/ch-GBR 2000}) 13. Qd2 (13. Bg3 Qd8 14. f4 Ne7 15. Bf2 Nf5
16. Qf3 h5 17. g3 Bf8 18. Nd1 b4 19. axb4 axb4 20. Ra2 Bb5 $13 {D'Costa,
L-McFarland,R/ch-GBR 2000}) 13... Nb6 (13... Qd8 14. Rfe1 Ne7 15. Ng3 c5 16.
Nce2 cxd4 17. Nxd4 Qc7 18. c3 Nb6 19. Rad1 $14 {Nunn,J-Chandler,M/4NCL 1998})
14. Rfe1 Qc7 15. Ng3 Ne7 16. Rad1 Rb8 17. Qc1 Bf8 18. Bd2 Nd7 19. Nce2 Qb6 20.
c3 $14 {Nunn,J-Pert,R/4NCL 1999}) 11... e5 12. Bg5 Ngf6 13. Rad1 h6 14. Bh4 b4
$5 15. axb4 axb4 16. Nb1 $6 {Missing the possibility to get an advantage after}
(16. Na2 $1 Rb8 (16... exd4 17. Nxd4 Ne5 18. Qg3 $16 {[%cal Gd4f5]}) (16... c5
17. dxc5 dxc5 18. Nf4 $1 $16 {[%cal Gf4d5]}) 17. Ba4 $1 $14) 16... O-O 17. Qe3
Rfe8 18. Bg3 $6 {From now on white just moves the pieces and very soon finds
himself in troubles.} (18. d5 cxd5 $1 19. Bxf6 (19. Bxd5 Nxd5 $1 $19) 19...
Nxf6 20. Bxd5 Nxd5 21. Rxd5 Bc4 22. Rdd1 Rec8 $15) (18. Nd2 $5) 18... Nh5 19.
dxe5 (19. c3 bxc3 20. bxc3 Rab8 21. Bc2 Nxg3 22. Nxg3 $15) 19... Nxe5 $1 $15
20. Bxe5 $6 Qxe5 21. Nd4 c5 22. Nf3 Qxb2 23. Rxd6 c4 24. Ba4 Re7 25. Bc6 (25.
Red1 $2 Bb7 26. Bc6 Bxc6 27. Rxc6 Qxc2 $19) 25... Bb7 26. Qc5 (26. Bxb7 Rxb7
27. e5 Qxc2 28. e6 fxe6 29. Qxe6+ Kh7 $19) 26... Rc7 27. Qb6 $5 Rxc6 28. Qxb7
Rcc8 29. Rd7 {[%cal Gb7g7]} b3 $5 30. cxb3 $2 (30. c3) 30... c3 $1 $19 {
[%cal Gc3c1]} 31. Nxc3 Qxc3 32. Rxf7 Ra1 33. Rxg7+ (33. Kf1 Qd3+ 34. Kg1 Rxe1+
35. Nxe1 Rc1 $19) 33... Nxg7 34. Qxc8+ Qxc8 35. Rxa1 Qc3 36. Re1 Qxb3 37. Re3
Qb1+ 38. Re1 Qb4 39. g3 g5 40. h3 Ne6 41. Re3 Nc5 42. e5 Kf7 43. Kg2 Ke7 44.
Kg1 Qc4 45. Kg2 Ne4 46. Ne1 Nd2 47. Nd3 Qd5+ 48. Kg1 Nc4 0-1

[Event "Bundesliga 0102"]
[Site "Germany"]
[Date "2002.04.27"]
[Round "14.8"]
[White "Agdestein, Simen"]
[Black "Rudolf, Henrik"]
[Result "1/2-1/2"]
[WhiteElo "2572"]
[BlackElo "2328"]
[Annotator "Finkel,A"]
[PlyCount "105"]
[EventDate "2001.10.06"]
[EventType "team-tourn"]
[EventRounds "15"]
[EventCountry "GER"]
[SourceTitle "CBM 089"]
[Source "ChessBase"]
[SourceDate "2002.08.12"]
[SourceVersion "1"]
[SourceVersionDate "2002.08.12"]
[SourceQuality "1"]
[WhiteTeam "Luebeck"]
[BlackTeam "Neukoelln"]
[WhiteTeamCountry "GER"]
[BlackTeamCountry "GER"]

1. e4 g6 2. d4 Bg7 3. Nc3 d6 4. Be3 a6 5. a4 b6 6. f4 $5 {Very logical way to
meet black's fifth move.} (6. Nf3 Bb7 7. Bd3 (7. Bc4 e6 8. Qe2 (8. Bg5 Ne7 9.
Qd2 h6 10. Be3 Nd7 11. Bd3 Nf6 12. Qe2 O-O 13. O-O d5 $11 {Bojkovic,
N-Chiburdanidze,M/Belgrade 1992}) 8... Ne7 9. d5 e5 10. a5 O-O 11. axb6 cxb6
12. O-O b5 13. Bd3 Nd7 14. Nd2 f5 15. f3 Nf6 $13 {Mainka,R-Konikowski,J/
Dortmund 1987}) 7... Nd7 8. Qd2 c5 9. d5 Ngf6 10. Bh6 Bxh6 $6 11. Qxh6 b5 12.
axb5 axb5 13. O-O c4 14. Be2 $16 {Mevel,A-Backwinkel,P/Germany 1983}) (6. Qd2
c5 7. Bc4 Nc6 8. Nge2 Bb7 9. O-O Nf6 10. f3 O-O 11. Rfd1 Rc8 12. Ba2 Nb4 $13 {
Lee,G-McNab,C/Brighton 1980}) (6. g3 Bb7 7. Bg2 Nf6 8. Nge2 Ng4 9. Bg5 h6 10.
Bc1 c5 11. d5 Nd7 12. O-O O-O 13. h3 Ngf6 14. g4 $14 {Ftacnik,L-Rogers,I/
Groningen 1988}) 6... Nd7 (6... e6 7. Nf3 Ne7 8. Bd3 Nd7 9. O-O Nf6 10. Qe1 O-O
11. Qh4 d5 12. e5 Nd7 13. g4 c5 $132 {Fogarasi,T-Haub,T/Budapest 1996}) (6...
Nf6 7. h3 Bb7 8. Bd3 O-O 9. Nf3 Nc6 10. e5 dxe5 11. fxe5 $14 {Yemelin,
V-Shchekachev,A/Sochi 1992}) (6... Bb7 7. Bd3 e6 8. Qe2 Ne7 9. Nf3 Nd7 10. O-O
d5 11. exd5 $6 exd5 12. f5 c5 $13 {Jimenez de la Torre,J-Soloviov,S/Oviedo 1992
}) 7. Nf3 Bb7 8. f5 $5 {Usually white adavnces his e-pawn first, but this one
is possible either.} gxf5 9. exf5 c5 $6 (9... Ngf6) 10. d5 b5 $5 {Too
optimistic!} 11. axb5 (11. Qd2 $2 b4 12. Nd1 Nb6 13. c4 bxc3 14. Nxc3 Nf6 $17)
11... Bxc3+ 12. bxc3 axb5 13. Bxb5 Bxd5 14. O-O Ngf6 15. c4 Rxa1 16. Qxa1 Be4
$5 (16... Bb7 $2 17. Bg5 O-O 18. Bxd7 Qxd7 (18... Nxd7 19. Bh6 $18) 19. Bxf6
exf6 20. Qxf6 $16) 17. Ng5 $6 {It's hard to believe, but after this natural
move i don't see a win for white. It was better to play} (17. Bg5 $1 {[%cal
Gb5e8]} O-O 18. Nd2 (18. Bxd7 Qxd7 19. Bxf6 exf6 20. Qxf6 Qxf5 21. Qxd6 $16)
18... Bb7 19. Bxd7 Qxd7 20. Bxf6 exf6 21. Qxf6 $16 {with a huge edge.}) 17...
Bb7 18. Qa7 Qa8 19. Qxa8+ Bxa8 20. Ra1 O-O 21. Ra7 {[%cal Ga7e7]} Ne5 $5 (21...
Rd8 22. Bd2 h6 23. Ba5 (23. Nh3 $6 Be4 24. Ba5 Ra8 $1 $15) 23... Rb8 24. Nh3
Ne5 25. Rxe7 Nc6 26. Bxc6 Bxc6 $14) 22. Rxe7 h6 23. Nh3 Nfg4 24. Bf4 Be4 {
[%csl Rf5] White can't keep the pawn on f5.} 25. Nf2 Bxf5 26. Nxg4 Bxg4 27.
Bxe5 dxe5 28. Rxe5 Rc8 29. Re7 Kg7 30. Ra7 Rd8 $5 {The endgame is drawish.} (
30... Kf6 $5 31. Kf2 Be6 32. Bd7 (32. Ke3 Rg8 33. g3 Rg5 $14) 32... Rd8 33.
Bxe6 fxe6 34. Rc7 Rd2+ 35. Kf3 Rxc2 36. Rxc5 Rc3+ 37. Kg4 Rc2 38. Kh3 e5 $14)
31. Rc7 Rd2 32. Rxc5 Rxc2 $14 33. Ba4 (33. Re5 Kf6 34. Re4 Be2 $11) 33... Rc1+
34. Kf2 Be6 35. Bb5 Rc3 36. Ke2 Rc2+ 37. Kf3 Rc3+ 38. Ke4 Rc2 39. Kf3 Rc3+ 40.
Ke4 Rc2 41. g3 $5 Rxh2 42. Rc7 Rg2 43. Kf4 Rf2+ 44. Ke3 Rg2 45. Kf3 Rc2 46. c5
Rc3+ 47. Kf4 Kf6 48. Be2 Bd5 49. Bh5 Rc4+ 50. Ke3 Ke5 51. Re7+ Kf6 52. Rc7 Ke5
53. Re7+ 1/2-1/2

[Event "Olympiad-34"]
[Site "Istanbul"]
[Date "2000.10.29"]
[Round "2.2"]
[White "Rublevsky, Sergei"]
[Black "D'Amore, Carlo"]
[Result "1-0"]
[WhiteElo "2670"]
[BlackElo "2462"]
[Annotator "Finkel,A"]
[PlyCount "31"]
[EventDate "2000.10.28"]
[EventType "team-swiss"]
[EventRounds "14"]
[EventCountry "TUR"]
[SourceTitle "EXT 2001"]
[Source "ChessBase"]
[SourceDate "2000.11.22"]
[SourceVersion "1"]
[SourceVersionDate "2000.11.22"]
[SourceQuality "1"]
[WhiteTeam "Russia"]
[BlackTeam "Italy"]
[WhiteTeamCountry "RUS"]
[BlackTeamCountry "ITA"]

1. e4 g6 2. d4 Bg7 3. Nc3 d6 4. Bg5 a6 5. Nf3 Nd7 6. a4 b6 (6... h6 7. Be3 e6 (
7... b6 8. d5 Ngf6 9. Qd2 (9. Nd4 O-O 10. f3 Qe8 11. Qd2 Kh7 12. Bc4 Ne5 13.
Bb3 $14 {Sutovskij,E-Hansen,C/Harplinge 1998}) 9... Nc5 10. Bd3 Bb7 11. a5 b5
12. b4 Ncxe4 13. Bxe4 Nxe4 14. Nxe4 Bxa1 15. c3 Qd7 16. O-O Qf5 17. Ng3 Qxd5
18. Rxa1 Qxd2 {1/2-1/2 Dreev,A-Hansen,C/Groningen 1991}) 8. Qd2 b6 9. Bd3 Bb7
10. O-O Ngf6 11. h3 c5 12. Rfe1 cxd4 13. Nxd4 Nc5 14. f3 d5 15. e5 Nfd7 16. f4
$14 {Rublevsky,S-Gofshtein,L/Ordix Open 2000}) 7. Bc4 h6 (7... Bb7 8. O-O h6 9.
Bh4 Ngf6 10. Re1 e5 11. dxe5 dxe5 12. Nd5 O-O 13. Nxf6+ Nxf6 14. Nxe5 g5 15.
Bg3 Nxe4 $11 {Yermolinsky,A-Schmaltz,R/New York op 1998}) 8. Bh4 g5 $2 9. Bxg5
$1 {This game is very nice example of attacking chess and despite a modest
number of moves contains very nice ideas.} hxg5 10. Bxf7+ $1 Kxf7 11. Nxg5+ Kf6
(11... Ke8 12. Ne6 Ndf6 13. Nxd8 Kxd8 14. f3 $18) 12. Qg4 Ne5 (12... Nh6 13.
Qe6+ Kxg5 14. h4+ Kh5 15. Ne2 $1 $18 {[%csl Rh5][%cal Ge2g3,Ge2f4]}) (12... Nf8
13. Nd5+ Kg6 14. Ne6+) 13. Nd5+ $1 (13. dxe5+ dxe5 14. Nd5+ Qxd5 15. Qf3+ Kxg5
16. exd5 $18) 13... Kg6 14. Nf4+ Kf6 15. dxe5+ dxe5 (15... Kxe5 16. Nf7+ Kd4
17. Qd1+ Kxe4 18. Qd3+ Kxf4 19. Qf3#) 16. Nh7+ {[%cal Gg4g6]} 1-0

[Event "Olympiad-34"]
[Site "Istanbul"]
[Date "2000.10.30"]
[Round "3.1"]
[White "Kveinys, Aloyzas"]
[Black "Azmaiparashvili, Zurab"]
[Result "1/2-1/2"]
[WhiteElo "2522"]
[BlackElo "2673"]
[Annotator "Finkel,A"]
[PlyCount "57"]
[EventDate "2000.10.28"]
[EventType "team-swiss"]
[EventRounds "14"]
[EventCountry "TUR"]
[SourceTitle "EXT 2001"]
[Source "ChessBase"]
[SourceDate "2000.11.22"]
[SourceVersion "1"]
[SourceVersionDate "2000.11.22"]
[SourceQuality "1"]
[WhiteTeam "Lithuania"]
[BlackTeam "Georgia"]
[WhiteTeamCountry "LTU"]
[BlackTeamCountry "GEO"]

1. e4 d6 2. d4 g6 3. Bc4 c6 4. Nf3 Nf6 5. Qe2 Bg7 6. e5 dxe5 7. dxe5 Nd5 8. h3
a5 {Azmaiparashvili is one of the best experts in the world in modern defense
and we may find a lot of original ideas in his games.The following game is not
an exeption.} (8... Na6 9. O-O b5 10. Bxd5 Qxd5 11. Nc3 Qc4 12. Re1 Qxe2 13.
Rxe2 O-O 14. Bg5 Re8 $13 {Kargoll,H-Ostojic,P/Hessenliga 9596}) (8... O-O 9.
O-O (9. Nbd2 Nf4 10. Qf1 Bf5 11. Nb3 Ne6 12. Qe2 b5 13. Bxe6 Bxe6 14. Bg5 Qc7
15. Qe3 Bd5 $15 {Braga,F-Todorcevic,M/Rome 1988}) 9... Bf5 (9... Nd7 10. Re1
N7b6 11. Bb3 h6 12. a3 Be6 13. Rd1 Qc8 14. c4 Nc7 15. Nc3 Nd7 16. Bc2 $14 {
Matulovic,M-Arduman,C/Ankara zt 1995}) 10. Nd4 Nd7 11. Nxf5 gxf5 12. e6 Ne5 13.
exf7+ Nxf7 {1/2-1/2 Wallace,J-Wohl,A/AUS-ch 1995}) 9. O-O b5 10. Bxd5 {In this
variation white doesn't need the light-squared bishop that's why he gives it
up with such an ease.} (10. Bd3 O-O 11. Rd1 Na6 12. c4 bxc4 13. Bxc4 Nac7 14.
Nbd2 Ba6 15. Bxa6 Nxa6 16. Nc4 $14) 10... Qxd5 11. Nc3 Qc4 (11... Qe6 12. Re1
b4 13. Ne4 Ba6 14. Qe3 O-O $13) 12. Qxc4 bxc4 {[%csl Rc4]} 13. Re1 Be6 (13...
Na6 14. Nd4 c5 15. Ndb5 Bf5 16. Bg5 (16. Nd5 Rd8 17. Ne3 Be6 18. f4) 16... Bxc2
17. Bf6 $14) 14. b3 Na6 15. Nd4 Bd5 16. Ba3 (16. bxc4 Bxc4 17. Nxc6 Nb4 18. Nd4
Rd8 19. Re4 (19. a3 Rxd4 20. axb4 axb4 21. Ra8+ Kd7 $15) 19... Ba6 20. a3 Bb7
$13) 16... Rc8 17. Rab1 $5 {After this move game ends up a draw almost by
force.} (17. f4) 17... cxb3 18. axb3 Nb4 19. Ra1 (19. Bxb4 axb4 20. Nxd5 cxd5
21. Ra1 e6 22. Ra4 Bf8 23. Rea1 Bc5 $11) 19... e6 20. Na4 c5 (20... Nxc2 $2 21.
Nxc2 (21. Nb6 Nxe1 22. Nxc8 Bxe5 $19) 21... Bxb3 22. Nc5 $1 Bxc2 23. Rac1 {
[%csl Rc2]} Bf5 24. g4 $16) 21. Bxb4 axb4 (21... cxd4 $2 22. Nb6 Rxc2 23. Rxa5
(23. Nxd5 axb4 24. Nxb4 Rc3) 23... Bc6 24. Ra7 Bf8 25. Bxf8 Rxf8 26. Nc4 $16)
22. Nb6 Rb8 23. Nxd5 exd5 (23... cxd4 $2 24. Nf6+ Bxf6 25. exf6 O-O 26. Re4
Rfc8 27. Rxd4 Rxc2 28. Rxb4 $16) 24. Ne2 O-O 25. Nf4 Rfe8 (25... Rbd8 26. Ra5)
26. Nxd5 Bxe5 27. Rad1 Kg7 28. Kf1 Bb2 29. Rxe8 1/2-1/2

[Event "Biel GM"]
[Site "Biel"]
[Date "2000.07.27"]
[Round "4"]
[White "Gallagher, Joseph G"]
[Black "Ponomariov, Ruslan"]
[Result "0-1"]
[WhiteElo "2514"]
[BlackElo "2630"]
[Annotator "Finkel,A"]
[PlyCount "76"]
[EventDate "2000.07.24"]
[EventType "tourn"]
[EventRounds "10"]
[EventCountry "SUI"]
[EventCategory "16"]
[SourceTitle "CBM 079"]
[Source "ChessBase"]
[SourceDate "2000.11.21"]
[SourceVersion "1"]
[SourceVersionDate "2000.11.21"]
[SourceQuality "1"]

1. e4 g6 2. d4 Bg7 3. Nc3 d6 4. Be3 a6 5. Qd2 Nd7 6. a4 b6 7. Nf3 (7. f3 c5 8.
d5 Ngf6 9. Bh6 Bxh6 10. Qxh6 e5 11. Nge2 Ng8 12. Qd2 Ne7 13. Qh6 Ng8 $11 {
Gyimesi,Z-Ibragimov,I/III Pyramiden-Franken Cup 2000}) 7... e6 $5 {From Pirc
defense the position transformed to Uitelki defense.In other words black has
decided to deviate from long theoretical variaation in order to complicate the
matters and to cause white to think!} 8. Bc4 (8. Be2 Bb7 9. h3 h6 10. O-O Ne7
11. Rad1 g5 12. Nh2 Ng6 13. Bh5 Nf6 14. Bxg6 fxg6 $13 {Rogovoi,M-Nikolaev,N/
Petroff mem op 2000}) (8. Bd3 Bb7 9. O-O h6 10. h3 Ne7 11. Ne2 Nf6 12. Ng3 d5
13. exd5 Nfxd5 $132 {Karnik,P-Ianov,V/Policka op 1996}) 8... h6 9. h3 (9. Rd1
Ne7 10. O-O Bb7 11. Rfe1 Nf6 12. d5 e5 13. h3 Nh5 14. g4 Nf6 15. Qe2 g5 $13 {
Rosen,W-Chepukaitis,G/World Seniors 1999}) 9... Ne7 (9... Bb7 10. d5 e5 11. O-O
f5 12. exf5 gxf5 13. Qe2 Ne7 14. Ne1 Nf6 15. f4 e4 $132 {Bojkovic,N-Voiska,M/
JUG-chW1 1996}) 10. O-O Bb7 11. Rfe1 g5 12. Nh2 Ng6 13. Nf1 (13. d5 $5 Nde5 (
13... e5 {[%csl Rf5,Rg7]} 14. Nf1 Nf4 15. Ng3 $14) 14. Bb3 Qf6 15. Ne2 exd5 16.
Bxd5 Bxd5 17. Qxd5 O-O 18. Ng3 $14) 13... Nf6 14. Ng3 (14. d5 Qe7 15. Ng3 g4
16. Bf1 $13) 14... O-O 15. Bd3 $6 c5 16. dxc5 $6 {For some reason white
doesn't want to play d5,although it was his only chanse to fight for the
advantage,while now he finds himself on defensive.} (16. d5 $1 Ne5 17. Bf1 Re8
18. Rad1 exd5 19. exd5 Qd7 20. f4 $14) 16... bxc5 17. Rad1 Qc7 18. Qe2 d5 $36
19. exd5 exd5 20. Bc1 Rae8 21. Qd2 Nh4 $1 {White minor pieces are misplaced
that's why there is no reason to change it.} (21... Nf4 $6 22. Bf1 d4 23. Nce2
Nxe2+ 24. Bxe2 $13) 22. Rxe8 Rxe8 23. Re1 Rxe1+ 24. Qxe1 c4 25. Bf1 d4 26. Nce2
(26. Nce4 Nxe4 27. Nxe4 Qe5 28. f3 f5 29. Bxc4+ Kh8 30. Qb4 Bxe4 31. fxe4 Qg3
$19 {[%csl Rg1]}) 26... Qc5 27. Qd1 Ne4 28. Nxe4 Bxe4 29. Ng3 Bg6 30. Qe2 (30.
b3 cxb3 31. cxb3 Bc2 32. Qe2 Bxb3 33. Qe8+ Kh7 34. Bd3+ Ng6 $17) 30... d3 31.
cxd3 cxd3 32. Qe8+ Kh7 33. Be3 Qd5 $19 {[%cal Gd3d1]} 34. Bd2 Bxb2 35. f3 $6
Be5 $1 36. Ne4 Bxe4 37. fxe4 Qd4+ 38. Kh1 Qf2 $1 0-1